Wykluczanie według kategorii - miasta Polski #2 - Statystyki

Ogólne statystyki
  • Ten quiz został rozwiązany 259 razy
  • Średni wynik to 11 z 20
Statystyki odpowiedzi
Grupa # Kategoria Odpowiedź Przykłady miast pasujących do odpowiedzi % Poprawnych
Zielona 120 Miasto w województwie wielkopolskim Poznań, Kalisz, Piła, Konin, Ostrów Wielkopolski, Leszno
99%
Pomarańczowa 989 Miasto o populacji mniejszej niż 100 tysięcy mieszkańców Tarnowskie Góry, Rumia, Piaseczno, Nysa, Dębica
90%
Niebieska 38 Miasto na literę D Dębica, Dęblin, Dębno, Dynów, Debrzno, Drzewica
86%
Pomarańczowa 70 …które ma prezydenta Kalisz, Legnica, Grudziądz, Jaworzno, Słupsk, Siedlce
85%
Zielona 46 …w powiecie poznańskim lub powiecie graniczącym z nim, oprócz Poznania Gniezno, Luboń, Września, Kostrzyn, Opalenica, Kórnik
84%
Niebieska 19 …z co najmniej jedną powtarzającą się literą w nazwie Dąbrowa Górnicza, Dzierżoniów, Działdowo, Darłowo
79%
Fioletowa 212 Miasto w województwie, przez które przepływa rzeka Bug Warszawa, Lublin, Białystok, Radom, Płock, Siedlce
79%
Zielona 13 …o populacji od 10 tys. do 30 tys. mieszkańców Swarzędz, Kościan, Szamotuły, Oborniki, Mosina
67%
Fioletowa 199 …które nie było siedzibą województwa w latach 1975-1998 Pruszków, Legionowo, Puławy, Świdnik, Augustów
64%
Pomarańczowa 41 …niebędące miastem na prawach powiatu Piła, Lubin, Inowrocław, Stargard, Pruszków, Gniezno
63%
Pomarańczowa 8 …w województwie łódzkim Pabianice, Tomaszów Mazowiecki, Radomsko, Kutno
55%
Fioletowa 29 …którego nazwa jest w żeńskim rodzaju gramatycznym Hajnówka, Kobyłka, Zielonka, Wąwolnica
42%
Niebieska 14 …w gminie miejsko-wiejskiej Drezdenko, Dobczyce, Działoszyn, Dzierzgoń, Dobrodzień
40%
Zielona 4 …które ma literę E w swojej nazwie Śrem, Wągrowiec, Środa Wielkopolska
37%
Niebieska 5 …z więcej niż jednym słowem w nazwie Dąbrowa Tarnowska, Drawsko Pomorskie, Dobre Miasto
30%
Fioletowa 10 …które uzyskało prawa miejskie przed 1800 rokiem Ostrów Mazowiecka, Łęczna, Mława, Sokółka
30%
Pomarańczowa 1 …bez dworca kolejowego obsługującego ruch pasażerski Bełchatów
28%
Fioletowa 1 …które dotyka granicy państwa Włodawa
21%
Zielona 1 …z którego pochodzi drużyna występująca dawniej w Ekstraklasie Grodzisk Wielkopolski
19%
Niebieska 1 …od którego nazwy pochodzi nazwa krainy historycznej Dobrzyń nad Wisłą
8%
Nie znaleziono quizów pasujących do podanych kryteriów
Rozkład punktacji
Procent ludzi z każdym wynikiem
Percentyl według liczby udzielonych odpowiedzi
Twoja historia wyników
Nie rozwiązałeś tego quizu